000 00988nam a2200265Ia 4500
001 22021
005 20260320113335.0
008 260320s9999||||xx |||||||||||||| ||und||
020 _a9786123310639
041 _aESP
082 _a348.54
_bB24
100 _aBartra Abensur, Valentín Antonio,
_eAUT
245 0 _aPerspectiva iuseconómica para la tutela del medio ambiente :
_bun enfoque multidisciplinario para el análisis y solución de problemas complejos de la sociedad
246 _a
_5
_b
250 _aPrimera edición
260 _aLima :
_bUniversidad Ricardo Palma. Editorial Universitaria,
_c2023
300 _a347 páginas :
_b
_c24 cm.
_e
440 _a
_n
_v
650 _aCIS
653 _aDerecho del medio ambiente - Perú; Conservación del medio ambiente - Investigación - Perú
654 _aDER
700 _a
_c
856 _uhttps://0u214nkv4-y-https-app-vlex-com.itmsp.museknowledge.com/
_zVéase además: Base de datos Vlex
942 _cLIB
_dJUS
_fMAT
_2ddc
_n
999 _c22021
_d22021